| 000 | 00631nam a2200229Ia 4500 | ||
|---|---|---|---|
| 008 | 180523s9999 xx 000 0 und d | ||
| 020 | _a978-81-7496-981-1 | ||
| 050 | _aMAIN HD 60 | ||
| 050 | _b.S29 2007 | ||
| 100 | _aSaxena, Sanjeev. | ||
| 245 | 0 | _aTaxmann's politics, ethics and social responsibility of business / | |
| 245 | 0 | _cSanjeev Saxena, Punam Pandey. | |
| 250 | _a3rd Edition | ||
| 260 | _aNew Delhi : | ||
| 260 | _bTaxmann Allied Services, | ||
| 260 | _c2007 | ||
| 300 | _a306 pages : | ||
| 300 | _c23 cm. | ||
| 500 | _aIncludes bibliographical references. | ||
| 650 | _aEthics. | ||
| 650 | _xPolitics. | ||
| 999 |
_c356931 _d356931 |
||